000 00293 a2200121 4500
001 65105
040 _cAnchieta - Pituba
240 1 0 _aAvaliação multidisciplinar, 3ª série
_lpor
245 1 0 _aAvaliação multidisciplinar, 3ª série
362 0 _a2018
650 4 _aEducação
942 _cBK
999 _c65105
_d65105